[Event "Zalakaros Open"]
[Site "Zalakaros"]
[Date "1993.??.??"]
[Round "8"]
[White "Milov, Leonid"]
[Black "Burmakin, Vladimir"]
[Result "1/2-1/2"]
[WhiteElo "2480"]
[BlackElo "2470"]
[PlyCount "119"]
[EventDate "1993.??.??"]
[Source "www.chesslib.no"]
[SourceDate "2004.05.04"]

1. e4 c6 2. d4 d5 3. Nc3 g6 4. e5 Bf5 5. h3 h5 6. Nf3 e6 7. Be2 Nd7 8. Bg5 Qb6 9. Rb1 Be4 10. Nh4 c5 11. f3 Bf5 12. Nxf5 gxf5 13. f4 a6 14. Na4 Qc6 15. c4 cxd4 16. cxd5 Qxd5 17. O-O d3 18. Qxd3 Qxd3 19. Bxd3 b5 20. Nc3 Be7 21. Bxe7 Nxe7 22. Be2 Nb6 23. Bf3 O-O-O 24. a4 b4 25. Ne2 Kb8 26. b3 h4 27. a5 Nbd5 28. Rfc1 Rc8 29. Rc4 Rc7 30. Kf2 Rhc8 31. Rbc1 Rb7 32. R4c2 Rd8 33. Rc4 Rb5 34. Rc5 Rxc5 35. Rxc5 Rd7 36. Rc4 Rb7 37. Rc5 Rd7 38. Bh5 Ng6 39. Rc4 Rc7 40. Rxc7 Kxc7 41. g3 hxg3+ 42. Kxg3 Nc3 43. Bf3 Kd7 44. h4 Ne7 45. Kf2 Ncd5 46. h5 Ke8 47. Ke1 f6 48. exf6 Nxf6 49. Kd2 Nd7 50. Ke3 e5 51. Ba8 Kf7 52. fxe5 Nxe5 53. Kd4 N5c6+ 54. Kc5 Nxa5 55. Kxb4 Nxb3 56. Kxb3 Kf6 57. Bf3 Kg5 58. Nd4 Ng8 59. Ne6+ Kh6 60. Nd4 1/2-1/2

[Event "Kastel Stari op"]
[Site "Kastel Stari"]
[Date "1997.??.??"]
[Round "3"]
[White "Stevic, Hrvoje"]
[Black "Dizdarevic, Emir"]
[Result "0-1"]
[WhiteElo "2400"]
[BlackElo "2540"]
[PlyCount "52"]
[EventDate "1997.04.11"]
[Source "ChessBase"]

1. e4 c6 2. d4 d5 3. Nc3 g6 4. e5 f6 5. f4 Nh6 6. Nf3 Bg4 7. h3 Bxf3 8. Qxf3 Nf5 9. Ne2 fxe5 10. fxe5 e6 11. g4 Nh4 12. Qd3 Be7 13. Nf4 Qd7 14. Bd2 O-O 15. O-O-O Na6 16. Be2 Rf7 17. Kb1 Nc7 18. Qg3 Raf8 19. Rhf1 h6 20. Qd3 Kg7 21. Rf2 c5 22. dxc5 Bxc5 23. Be3 Bxe3 24. Qxe3 Rxf4 25. Rxf4 Ng2 26. Rdf1 Nxe3 0-1

[Event "Cannes op"]
[Site "Cannes"]
[Date "1998.??.??"]
[Round "1"]
[White "Palac, Mladen"]
[Black "Spiridonov, Nikola"]
[Result "1/2-1/2"]
[WhiteElo "2545"]
[BlackElo "2395"]
[PlyCount "42"]
[EventDate "1998.02.21"]
[Source "ChessBase"]
[SourceDate "1998.04.29"]

1. e4 c6 2. d4 d5 3. Nc3 g6 4. h3 Bg7 5. Nf3 Nf6 6. e5 Ne4 7. Nxe4 dxe4 8. Ng5 c5 9. Bc4 O-O 10. c3 cxd4 11. cxd4 b5 12. Bb3 Bb7 13. h4 Bd5 14. h5 h6 15. hxg6 hxg5 16. Qh5 fxg6 17. Qh7+ Kf7 18. Rh6 Bxb3 19. Qxg6+ Kg8 20. Qh7+ Kf7 21. axb3 Qxd4 1/2-1/2

[Event "otb"]
[Site "otb"]
[Date "2007.05.10"]
[Round "3"]
[White "Nemeth Francisc"]
[Black "Nanu Ciprian Costica"]
[Result "1/2-1/2"]
[WhiteElo "2430"]
[BlackElo "2509"]
[PlyCount "67"]
[Source "www.chesslib.no"]
[SourceDate "2004.05.04"]

1. e4 c6 2. d4 d5 3. Nc3 g6 4. e5 Bg7 5. f4 h5 6. Be3 Nh6 7. Qd2 Bf5 8. Nf3 Nd7 9. h3 Nf8 10. Be2 Ne6 11. O-O-O b5 12. Rdg1 Qd7 13. Nh4 Nc7 14. Bf3 Qc8 15. Qe2 Bf8 16. g4 hxg4 17. hxg4 Bd7 18. Kb1 a5 19. Qd3 Nxg4 20. Nxg6 Rxh1 21. Rxh1 Bf5 22. Bxg4 fxg6 23. Bxf5 Qxf5 24. Qxf5 gxf5 25. Rh7 O-O-O 26. Bf2 e6 27. Bh4 Rd7 28. Rh8 Rf7 29. Ne2 Kd7 30. Ng3 c5 31. c3 b4 32. Kc2 bxc3 33. bxc3 cxd4 34. cxd4 1/2-1/2

[Event "EU-ch 2nd"]
[Site "Ohrid"]
[Date "2001.06.06"]
[Round "6"]
[White "Ilic, Ljubomir"]
[Black "Kortschnoj, Viktor"]
[Result "0-1"]
[WhiteElo "2282"]
[BlackElo "2643"]
[PlyCount "110"]
[EventDate "2001.06.01"]
[Source "ChessBase"]
[SourceDate "2001.09.13"]

1. e4 c6 2. d4 d5 3. Nc3 g6 4. h3 Nf6 5. e5 Nfd7 6. Nf3 Nb6 7. Bd3 a5 8. O-O Na6 9. a3 h6 10. Ne2 Nc7 11. c3 a4 12. Be3 Nc4 13. Qc2 Ne6 14. Rae1 b5 15. Bc1 Kd7 16. Nh2 Kc7 17. f4 Ng7 18. g4 e6 19. Nf3 Be7 20. Kg2 Kb6 21. Ng3 Ra7 22. Rf2 Ka5 23. Rg1 Kb6 24. Rff1 Ka5 25. Kh2 Kb6 26. Kg2 Kb7 27. Kh2 Ka8 28. Kg2 Qd7 29. Kh2 Qe8 30. Kg2 Qd8 31. Kh2 g5 32. Nh5 Nxh5 33. gxh5 gxf4 34. Bxf4 Bd7 35. Rg3 Qf8 36. Rf2 Be8 37. Bc1 f5 38. exf6 Bd6 39. Ne5 Nxe5 40. dxe5 Bxe5 41. Bg6 Qd6 42. Rff3 Bf7 43. Qf2 Bxg3+ 44. Rxg3 Rg8 45. Kg2 e5 46. Bxh6 Rd8 47. Re3 d4 48. cxd4 exd4 49. Re7 Rxe7 50. fxe7 Bd5+ 51. Kg1 Qxe7 52. Qxd4 c5 53. Qd2 Bc6 54. Qe3 Rd1+ 55. Kh2 Qh4 0-1

[Event "Sofia"]
[Site "?"]
[Date "1994.??.??"]
[Round "?"]
[White "Schaefer, Ma"]
[Black "Novik, M."]
[Result "1-0"]
[WhiteElo "2460"]
[BlackElo "2460"]
[PlyCount "103"]
[EventDate "1994.??.??"]
[Source "ChessBase"]
[SourceDate "1994.06.01"]

1. e4 c6 2. d4 d5 3. Nc3 g6 4. Nf3 Bg7 5. Bf4 Bg4 6. exd5 cxd5 7. Nb5 Na6 8. h3 Bxf3 9. Qxf3 Nf6 10. c3 O-O 11. Bd3 Qd7 12. O-O Rfc8 13. Rfe1 Nb8 14. Re2 Nc6 15. Rae1 e6 16. Na3 Na5 17. Bg5 Ne8 18. h4 Nd6 19. h5 b5 20. hxg6 hxg6 21. Nc2 Rab8 22. Qf4 Nac4 23. Ne3 Nxe3 24. Rxe3 b4 25. Rh3 bxc3 26. bxc3 Rxc3 27. Qh4 Rxd3 28. Qh7+ Kf8 29. Bh6 Bxh6 30. Qxh6+ Ke7 31. Qg5+ Kf8 32. Qh6+ Ke7 33. Qg5+ Kf8 34. Rh8+ Kg7 35. Qh6+ Kf6 36. Rxb8 Nf5 37. Qh8+ Kg5 38. Rb3 Rxd4 39. Qe5 Qd8 40. Rh3 Rc4 41. Ree3 Rg4 42. Reg3 Rxg3 43. Rxg3+ Kh6 44. Rh3+ Kg5 45. Kh2 d4 46. f3 f6 47. f4+ Kg4 48. Qe2+ Kxf4 49. Rf3+ Kg5 50. Qd2+ Kh5 51. g4+ Kh4 52. Qf4 1-0

[Event "Bled Open"]
[Site "Bled SLO"]
[Date "1995.??.??"]
[Round "5"]
[White "Mazi, Leon"]
[Black "Burmakin, Vladimir"]
[Result "1-0"]
[WhiteElo "2360"]
[BlackElo "2555"]
[PlyCount "107"]
[EventDate "1995.03.??"]
[Source "www.chesslib.no"]
[SourceDate "2004.05.04"]

1. e4 c6 2. d4 d5 3. Nc3 g6 4. h3 Bg7 5. Nf3 Nh6 6. Bd3 O-O 7. O-O dxe4 8. Nxe4 Nf5 9. c3 Qc7 10. Re1 Nd7 11. g4 Nd6 12. Bf4 Nf6 13. Nxf6+ Bxf6 14. Qd2 Qd8 15. Re2 Be6 16. Rxe6 fxe6 17. Qe2 Qd7 18. Bg3 Rad8 19. Bc2 b5 20. Bb3 Nc4 21. Nd2 Kg7 22. Nxc4 bxc4 23. Bxc4 e5 24. Bxe5 h6 25. Re1 Kh7 26. Bg3 c5 27. dxc5 Qc6 28. Qe3 e5 29. b4 Bg5 30. Qe4 Qxe4 31. Rxe4 Rd1+ 32. Kg2 Rc1 33. Bxe5 Re8 34. Bd5 Bd2 35. c4 Bxb4 36. c6 Re1 37. Rxe1 Bxe1 38. c7 Ba5 39. f4 Rc8 40. Be6 Rxc7 41. Bxc7 Bxc7 42. Kf3 Kg7 43. Ke4 Kf6 44. Bc8 Bb8 45. Bd7 Ke7 46. Ba4 Ke6 47. h4 Bc7 48. c5 Bd8 49. g5 hxg5 50. hxg5 Ke7 51. f5 gxf5+ 52. Kxf5 Ba5 53. c6 Bc7 54. g6 1-0

[Event "1st League TCh-SCG"]
[Site "Budva"]
[Date "2003.09.05"]
[Round "7"]
[White "Boskovic, Drasko"]
[Black "Ivanovic, Bozidar"]
[Result "1/2-1/2"]
[WhiteElo "2402"]
[BlackElo "2512"]
[PlyCount "141"]
[EventDate "2003.08.29"]
[Source "Roberto Alvarez"]
[SourceDate "2003.10.27"]

1. e4 c6 2. d4 d5 3. Nc3 g6 4. h3 Bg7 5. Nf3 Nf6 6. Bd3 dxe4 7. Nxe4 Nxe4 8. Bxe4 Bf5 9. Bxf5 Qa5+ 10. c3 Qxf5 11. Qb3 b6 12. O-O Nd7 13. Re1 e6 14. Qa4 Qb5 15. Qxb5 cxb5 16. d5 e5 17. Nxe5 Nxe5 18. f4 O-O-O 19. fxe5 Rxd5 20. Bf4 Re8 21. Rf1 Rd7 22. Rae1 Re6 23. Bg3 h6 24. Kh1 Kc7 25. Kg1 h5 26. Bf4 Kd8 27. Rd1 Rxd1 28. Rxd1+ Kc7 29. Rf1 Kc6 30. Bg5 Bxe5 31. Rxf7 a6 32. Re7 Rxe7 33. Bxe7 Bf4 34. b3 Kd5 35. Kf2 Be5 36. Ke3 Bxc3 37. Kd3 Bd4 38. Bd8 Bc5 39. Bc7 b4 40. Bd8 b5 41. Bc7 Be7 42. Bf4 a5 43. Bc7 a4 44. Bf4 Bc5 45. Bc7 Bd4 46. Bf4 Be5 47. Be3 Bc7 48. Bd4 Bd6 49. Bf2 Be5 50. Be3 Bf6 51. Bb6 Be7 52. Bd4 Bh4 53. Bb6 Ke5 54. Bc7+ Kd5 55. Bb6 Bg3 56. Bd4 g5 57. Bb6 g4 58. hxg4 hxg4 59. Be3 Bd6 60. Bd4 Bf4 61. Bb6 Bg3 62. Bd4 Be1 63. Bg7 Bc3 64. Bxc3 bxc3 65. Kxc3 Ke4 66. bxa4 bxa4 67. Kb4 Ke3 68. Kxa4 Kf2 69. Kb5 Kxg2 70. a4 g3 71. a5 1/2-1/2

[Event "DSV-Turnier"]
[Site "Halle"]
[Date "1981.??.??"]
[Round "8"]
[White "Vogt, Lothar"]
[Black "Lechtynsky, Jiri"]
[Result "1/2-1/2"]
[WhiteElo "2455"]
[BlackElo "2455"]
[PlyCount "35"]
[EventDate "1981.06.??"]
[Source "ChessBase"]

1. e4 c6 2. d4 d5 3. Nc3 g6 4. Nf3 dxe4 5. Nxe4 Bf5 6. Bd3 Bxe4 7. Bxe4 Nf6 8. Bd3 Bg7 9. O-O O-O 10. Re1 Nbd7 11. c4 c5 12. d5 b5 13. cxb5 Nb6 14. a4 Nfxd5 15. a5 Nb4 16. Be4 N6d5 17. Bd2 Rb8 18. b6 1/2-1/2

[Event "Bucharest Cup GM"]
[Site "?"]
[Date "1998.??.??"]
[Round "?"]
[White "Berelovich Aleksandar"]
[Black "Cioara Andrei Nestor"]
[Result "0-1"]
[WhiteElo "2515"]
[BlackElo "2390"]
[PlyCount "96"]
[EventDate "1998.??.??"]
[Source "www.chesslib.no"]
[SourceDate "2004.05.04"]

1. e4 c6 2. d4 d5 3. Nc3 g6 4. e5 h5 5. f4 Nh6 6. Be3 e6 7. Qd2 Ng4 8. Nf3 Nxe3 9. Qxe3 c5 10. dxc5 Qa5 11. O-O-O Bxc5 12. Qd2 Nc6 13. Kb1 Bd7 14. Ne4 Qxd2 15. Nf6+ Ke7 16. Nxd2 Be3 17. g3 g5 18. fxg5 Nxe5 19. Nxd7 Nxd7 20. c4 dxc4 21. Bxc4 Ne5 22. Be2 Bxg5 23. Nf3 Bf6 24. Nxe5 Bxe5 25. Rhe1 f6 26. Bf3 h4 27. Re3 hxg3 28. hxg3 Rh2 29. Rb3 Rb8 30. Bxb7 Rxb2+ 31. Rxb2 Bxb2 32. Rh1 Kd6 33. Rh7 Bd4 34. g4 Rg8 35. Bf3 Ke5 36. Bd1 Rb8+ 37. Bb3 Kf4 38. Kc2 e5 39. Kd3 Rd8 40. Be6 e4+ 41. Ke2 Bc3 42. g5 Rd2+ 43. Kf1 e3 44. Rh4+ Ke5 45. Bc4 fxg5 46. Rg4 Rf2+ 47. Kg1 e2 48. Rxg5+ Kf4 0-1

[Event "Pecs op"]
[Site "?"]
[Date "1996.??.??"]
[Round "2"]
[White "Varga Zoltan"]
[Black "Peredy Ferenc"]
[Result "1-0"]
[WhiteElo "2540"]
[BlackElo "2365"]
[PlyCount "79"]
[EventDate "1996.??.??"]
[Source "www.chesslib.no"]
[SourceDate "2004.05.04"]

1. e4 c6 2. d4 d5 3. Nc3 g6 4. Bf4 dxe4 5. Nxe4 Nf6 6. Nxf6+ exf6 7. Bc4 Qe7+ 8. Qe2 Bg4 9. f3 Qxe2+ 10. Nxe2 Be6 11. Bb3 Nd7 12. Ng3 Nb6 13. Ne4 Be7 14. Bd6 Nc4 15. Bxe7 Kxe7 16. O-O-O b6 17. Bxc4 Bxc4 18. b3 Be6 19. Kb2 Rad8 20. c4 f5 21. Nf2 Kf6 22. f4 Bc8 23. Rhe1 Rhe8 24. Kc3 h6 25. Nd3 g5 26. Ne5 Bb7 27. g3 Kg7 28. c5 b5 29. a4 f6 30. Nd3 bxa4 31. bxa4 Re4 32. Rb1 Rd7 33. Rxe4 fxe4 34. Nb2 Ba6 35. Nd1 Kf7 36. Rb8 Be2 37. Ne3 Bd3 38. d5 cxd5 39. Kd4 Bc4 40. c6 1-0

[Event "North Virginia Open, Mt Vernon USA"]
[Site "?"]
[Date "2001.??.??"]
[Round "5"]
[White "Sevillano, E."]
[Black "Negulescu, A."]
[Result "1/2-1/2"]
[WhiteElo "2460"]
[BlackElo "2445"]
[PlyCount "30"]
[EventDate "2001.??.??"]
[Source "www.chesslib.no"]
[SourceDate "2004.05.04"]

1. e4 c6 2. d4 d5 3. Nc3 g6 4. Nf3 Bg7 5. Be2 dxe4 6. Nxe4 Nd7 7. Bf4 Ngf6 8. Nxf6+ Nxf6 9. Be5 Qb6 10. Qc1 O-O 11. O-O c5 12. a4 cxd4 13. Bxd4 Qc7 14. Be5 Qc5 15. Bd4 Qc7 1/2-1/2

[Event "Honved-B"]
[Site "Budapest"]
[Date "1997.??.??"]
[Round "2"]
[White "Varga, Zoltan"]
[Black "Ruck, Robert"]
[Result "1-0"]
[WhiteElo "2455"]
[BlackElo "2450"]
[PlyCount "61"]
[EventDate "1997.02.??"]
[Source "ChessBase"]
[SourceDate "1997.07.29"]

1. e4 c6 2. d4 d5 3. Nc3 g6 4. Bf4 Nf6 5. e5 Nh5 6. Be3 Ng7 7. Qd2 Nf5 8. Bf4 b5 9. Nf3 Nd7 10. Bd3 Nb6 11. b3 h6 12. g4 Ng7 13. Rg1 Ne6 14. Be3 a5 15. Nh4 Ba6 16. f4 g5 17. f5 gxh4 18. fxe6 fxe6 19. Ne2 Bc8 20. Nf4 Kd7 21. Qf2 Kc7 22. Ng6 Rg8 23. Qf7 Bg7 24. Nxe7 Bd7 25. Nxg8 Qxg8 26. Qxg8 Rxg8 27. g5 Bf8 28. Bh7 Rg7 29. g6 Re7 30. Bd2 b4 31. a3 1-0

[Event "Perenyi mem 2nd"]
[Site "Gyula"]
[Date "1998.??.??"]
[Round "1"]
[White "Varga, Zoltan"]
[Black "Vadasz, Laszlo"]
[Result "1/2-1/2"]
[WhiteElo "2520"]
[BlackElo "2380"]
[PlyCount "98"]
[EventDate "1998.02.23"]
[Source "ChessBase"]
[SourceDate "1998.04.29"]

1. e4 c6 2. d4 d5 3. Nc3 g6 4. Bf4 Bg7 5. exd5 cxd5 6. Nb5 Na6 7. c3 Nf6 8. h3 O-O 9. Nf3 Bd7 10. a4 Ne8 11. Bd3 Nb8 12. O-O Nc6 13. Re1 a6 14. Na3 Bf5 15. Bxf5 gxf5 16. Qd2 e6 17. Bg5 Bf6 18. Bh6 Bg7 19. Ne5 Nd6 20. Qf4 Bxh6 21. Qxh6 Kh8 22. c4 dxc4 23. Rad1 Ne7 24. d5 Nxd5 25. Rd4 Ne4 26. Naxc4 Qf6 27. Qxf6+ Nexf6 28. Nd6 Kg7 29. Nxb7 Rab8 30. Nc5 Rxb2 31. Nxa6 Ra2 32. Nc5 Ra8 33. Rc1 Ne4 34. Nxe4 fxe4 35. Rxe4 R8xa4 36. Ree1 Rd2 37. Nc4 Rda2 38. Nd6 Rb4 39. Rc8 Rf4 40. Rf1 Rfa4 41. Rb8 Ra6 42. Ne4 Ra1 43. g3 Rxf1+ 44. Kxf1 h6 45. Rb7 Rc6 46. Rd7 Nf6 47. Nxf6 Kxf6 48. g4 Rc5 49. Kg2 h5 1/2-1/2

[Event "Muenster Open"]
[Site "Muenster GER"]
[Date "1990.??.??"]
[Round "5"]
[White "Kengis, Edvins"]
[Black "Godes, Dmitry R"]
[Result "1-0"]
[WhiteElo "2500"]
[BlackElo "2400"]
[PlyCount "69"]
[EventDate "1990.??.??"]
[Source "www.chesslib.no"]
[SourceDate "2004.05.04"]

1. e4 c6 2. d4 d5 3. Nc3 g6 4. h3 dxe4 5. Nxe4 Bg7 6. Nf3 Nf6 7. Bd3 O-O 8. O-O Nbd7 9. Nxf6+ Nxf6 10. Re1 Qc7 11. Qe2 e6 12. Ne5 Rd8 13. c3 c5 14. Bg5 h6 15. Bf4 Qe7 16. dxc5 Nh5 17. Bh2 Qxc5 18. Rad1 Bxe5 19. Bxe5 Bd7 20. Qd2 Kh7 21. Bd6 Qb6 22. Re5 Ng7 23. Be7 Re8 24. Bxg6+ Kxg6 25. Qxd7 Qxb2 26. Rd4 Rxe7 27. Qxe7 Qxc3 28. Rg4+ Kh7 29. Re3 Qa1+ 30. Kh2 f5 31. Rh4 Re8 32. Qg5 h5 33. Rg3 Kg8 34. Qxh5 Re7 35. Qh8+ 1-0

[Event "It (open)"]
[Site "Biel (Switzerland)"]
[Date "2007.07.27"]
[Round "5"]
[White "Tseshkovsky Vitaly (RUS)"]
[Black "Kolbus Dietmar (GER)"]
[Result "1/2-1/2"]
[WhiteElo "2513"]
[BlackElo "2384"]
[PlyCount "134"]
[EventDate "2007.??.??"]
[Source "www.chesslib.no"]
[SourceDate "2004.05.04"]

1. e4 c6 2. d4 d5 3. Nc3 g6 4. h3 Bg7 5. Nf3 dxe4 6. Nxe4 Nf6 7. Nxf6+ exf6 8. Bc4 Qe7+ 9. Be2 O-O 10. O-O Be6 11. Re1 Nd7 12. Bf4 Nb6 13. c4 Rad8 14. Qc1 Rfe8 15. b3 g5 16. Bg3 Bf8 17. Bd3 h6 18. a3 Qd7 19. Qc2 Qc8 20. b4 f5 21. Be5 Nd7 22. Bxf5 Bxf5 23. Qxf5 Nxe5 24. Rxe5 Qxf5 25. Rxf5 Bg7 26. Rd1 Re4 27. Kf1 Bxd4 28. Rd2 Bb6 29. c5 Bc7 30. Rxd8+ Bxd8 31. Ne5 f6 32. Ng4 Kg7 33. Rf3 Rd4 34. Ne3 Kg6 35. Nf5 Rd7 36. g4 Bc7 37. Ke2 h5 38. Rd3 Rxd3 39. Kxd3 hxg4 40. hxg4 Kf7 41. a4 Ke6 42. Ke4 Be5 43. Kd3 Bc7 44. Ke4 Be5 45. Ne3 Bc3 46. Nc2 Be5 47. Ne1 Bc3 48. Nc2 Be5 49. f3 Bc3 50. Kd3 Be5 51. Ne3 Bg3 52. Nf5 Be5 53. Kc4 Bc7 54. Nd4+ Kd7 55. b5 Be5 56. Nb3 Kc7 57. Nc1 Bh2 58. Nd3 Bg1 59. a5 cxb5+ 60. Kxb5 Bd4 61. Nb4 a6+ 62. Kc4 Bb2 63. c6 Ba3 64. cxb7 Bxb4 65. Kxb4 Kxb7 66. Kc5 Kc7 67. Kd5 Kd7 1/2-1/2

[Event "Russian Cup"]
[Site "?"]
[Date "1998.07.05"]
[Round "7"]
[White "Shchekachev Andrei"]
[Black "Isanbaev Ramil"]
[Result "1-0"]
[WhiteElo "2565"]
[BlackElo "2320"]
[PlyCount "61"]
[EventDate "1998.??.??"]
[Source "www.chesslib.no"]
[SourceDate "2004.05.04"]

1. e4 c6 2. d4 d5 3. Nc3 g6 4. Nf3 Bg7 5. h3 dxe4 6. Nxe4 Nf6 7. Bd3 Nxe4 8. Bxe4 Be6 9. O-O Bd5 10. Qe2 O-O 11. Bg5 Re8 12. c4 Bxe4 13. Qxe4 Nd7 14. Qh4 Nf6 15. b3 Qa5 16. a4 Rad8 17. Rae1 Qb4 18. Re3 b5 19. Ne5 Rd6 20. axb5 cxb5 21. d5 bxc4 22. Nc6 Rxc6 23. dxc6 Nd5 24. Re4 Qxb3 25. Rxc4 Rc8 26. Qe4 e6 27. Rb1 Qa2 28. Ra4 Nc3 29. Rxa2 Nxe4 30. Bf4 e5 31. c7 1-0

[Event "Baden-Baden Open"]
[Site "Baden-Baden GER"]
[Date "1993.??.??"]
[Round "4"]
[White "Enders, Peter"]
[Black "Treffert, Peter"]
[Result "1/2-1/2"]
[WhiteElo "2480"]
[BlackElo "2400"]
[PlyCount "86"]
[EventDate "1993.08.??"]
[Source "www.chesslib.no"]
[SourceDate "2004.05.04"]

1. e4 c6 2. d4 d5 3. Nc3 g6 4. Nf3 Bg7 5. h3 Nf6 6. e5 Ne4 7. Nxe4 dxe4 8. Ng5 c5 9. c3 Nc6 10. Be3 cxd4 11. cxd4 Qa5+ 12. Qd2 Qxd2+ 13. Kxd2 O-O 14. Bc4 h6 15. Nxe4 Rd8 16. Kc3 Bf5 17. Nc5 b6 18. Nb3 Rac8 19. a4 Nxe5 20. dxe5 Be6 21. Nd2 Bxe5+ 22. Kb4 Rxd2 23. Bxd2 Rxc4+ 24. Kb5 Bxb2 25. Rae1 Rc2 26. Rxe6 fxe6 27. Rd1 Rc5+ 28. Ka6 Rd5 29. Kxa7 Rd6 30. Ka6 Kf7 31. Kb5 Ke8 32. Kc4 Kd7 33. Kb3 Bc1 34. Rxc1 Rxd2 35. Rc2 Rd4 36. Rb2 e5 37. Kc3 Kc6 38. Rb4 Rf4 39. f3 g5 40. Rc4+ Kd5 41. Rb4 Kc6 42. Rc4+ Kd5 43. Rb4 Kc6 1/2-1/2

[Event "Reno Open"]
[Site "Reno"]
[Date "1994.??.??"]
[Round "?"]
[White "Rowley, Robert"]
[Black "Orlov, Georgy"]
[Result "1/2-1/2"]
[WhiteElo "2365"]
[BlackElo "2515"]
[PlyCount "79"]
[EventDate "1994.??.??"]
[Source "www.chesslib.no"]
[SourceDate "2004.05.04"]

1. e4 c6 2. d4 d5 3. Nc3 g6 4. Nf3 Bg7 5. h3 Nh6 6. Be2 O-O 7. e5 f6 8. Bf4 Nf7 9. exf6 exf6 10. O-O Nd7 11. Qd2 Re8 12. Rfe1 Nf8 13. Bf1 Ne6 14. Be3 f5 15. h4 Bd7 16. Ne2 Nd6 17. Nf4 Ne4 18. Qc1 Bf6 19. g3 Qb6 20. c3 a5 21. Nd3 Re7 22. Ng5 Rae8 23. Nxe6 Rxe6 24. Bf4 c5 25. Nxc5 Nxc5 26. dxc5 Qxc5 27. Rxe6 Rxe6 28. Qd2 Bc6 29. Re1 Rxe1 30. Qxe1 Kf7 31. Bg2 a4 32. Be3 Qc4 33. a3 d4 34. Bxc6 dxe3 35. Bxb7 Qb5 36. Bf3 Qxb2 37. Qxe3 Qxa3 38. Bd5+ Kg7 39. Qa7+ Qe7 40. Qxa4 1/2-1/2

[Event "Bucharest ROM"]
[Site "Bucharest ROM"]
[Date "1996.??.??"]
[Round "?"]
[White "Milu, Romeo Sorin"]
[Black "Iordachescu, Viorel"]
[Result "1-0"]
[WhiteElo "2435"]
[BlackElo "2440"]
[PlyCount "81"]
[EventDate "1996.??.??"]
[Source "www.chesslib.no"]
[SourceDate "2004.05.04"]

1. e4 c6 2. d4 d5 3. Nc3 g6 4. h3 Bg7 5. Nf3 dxe4 6. Nxe4 Bf5 7. Ng3 Be6 8. c4 b5 9. cxb5 Nf6 10. Be2 O-O 11. a4 cxb5 12. axb5 Bd5 13. O-O Qb6 14. Bd2 Qb7 15. Re1 Ne4 16. Nxe4 Bxe4 17. Ra5 Nd7 18. Bb4 Nb6 19. Bc5 Rfc8 20. Bd3 Bxd3 21. Qxd3 e6 22. b4 Bf6 23. Ne5 Nd5 24. Rea1 Kg7 25. Nc6 Nf4 26. Qf3 Nd5 27. Ne5 Rc7 28. Nc4 Rd8 29. Ne5 Ra8 30. Nc6 h5 31. Qd3 Nf4 32. Qf1 Rxc6 33. bxc6 Qxc6 34. g3 Nd5 35. b5 Qb7 36. Rxa7 Rxa7 37. Rxa7 Qb8 38. h4 g5 39. hxg5 Bxg5 40. Qe2 h4 41. Qh5 1-0

[Event "Pardubice Open"]
[Site "Pardubice CZE"]
[Date "1994.??.??"]
[Round "8"]
[White "Gross, David"]
[Black "Donchev, Dimitar I"]
[Result "1/2-1/2"]
[WhiteElo "2390"]
[BlackElo "2480"]
[PlyCount "100"]
[EventDate "1994.07.??"]
[Source "www.chesslib.no"]
[SourceDate "2004.05.04"]

1. e4 c6 2. d4 d5 3. Nc3 g6 4. Nf3 Bg7 5. Be3 dxe4 6. Nxe4 Nf6 7. Nxf6+ exf6 8. Qd2 Bg4 9. Be2 O-O 10. h3 Bxf3 11. Bxf3 Nd7 12. O-O f5 13. c4 Nf6 14. Rfd1 Re8 15. Rac1 Ne4 16. Qb4 Qc7 17. d5 c5 18. Qa3 Bf8 19. Qd3 Rad8 20. Rc2 b6 21. Re2 Re7 22. Bc1 Rde8 23. Rde1 Nd6 24. Bf4 Rxe2 25. Rxe2 Qd8 26. b3 Qf6 27. Rxe8 Nxe8 28. Qe3 Qd8 29. a4 Nd6 30. Bg5 Qd7 31. Qe5 h6 32. Bf6 Ne8 33. Kf1 Bd6 34. Qb2 Bf8 35. Qe5 Bd6 36. Qb2 Be7 37. Be5 Qd8 38. Qe2 Bf6 39. Bxf6 Nxf6 40. Qe5 Ne8 41. Ke2 Nd6 42. Kd3 h5 43. g3 Ne8 44. h4 Nd6 45. Be2 f6 46. Qe6+ Kg7 47. f4 Kf8 48. Ke3 Qe7 49. Qxe7+ Kxe7 50. Bd3 a5 1/2-1/2

[Event "Akropolis"]
[Site "Athens"]
[Date "1992.??.??"]
[Round "1"]
[White "Pandavos, Panayotis"]
[Black "Skembris, Spyridon"]
[Result "1-0"]
[WhiteElo "2340"]
[BlackElo "2530"]
[PlyCount "57"]
[EventDate "1992.05.??"]
[Source "ChessBase"]

1. e4 c6 2. d4 d5 3. Nc3 g6 4. Nf3 Bg7 5. h3 Nh6 6. Bd3 dxe4 7. Nxe4 Nf5 8. c3 O-O 9. Bf4 Nd6 10. Nxd6 exd6 11. O-O h6 12. Re1 Na6 13. Nd2 Nc7 14. Nc4 Ne8 15. a4 d5 16. Ne5 Nd6 17. a5 a6 18. Qd2 g5 19. Bh2 Re8 20. Qc2 Be6 21. Re2 f6 22. Bh7+ Kf8 23. Ng6+ Kf7 24. Bxd6 Qxd6 25. Rae1 Qd7 26. Nh8+ Kf8 27. Ng6+ Kf7 28. f4 Bf5 29. Qxf5 1-0

[Event "AUT-ch"]
[Site "Voitsberg"]
[Date "1995.??.??"]
[Round "4"]
[White "Wittmann, Walter"]
[Black "Stanec, Nikolaus"]
[Result "1/2-1/2"]
[WhiteElo "2390"]
[BlackElo "2480"]
[PlyCount "35"]
[EventDate "1995.??.??"]
[Source "ChessBase"]

1. e4 c6 2. d4 d5 3. Nc3 g6 4. Nf3 Bg7 5. h3 dxe4 6. Nxe4 Nf6 7. Nxf6+ exf6 8. Bc4 O-O 9. O-O Nd7 10. Bb3 Nb6 11. Bf4 Bf5 12. Re1 Re8 13. Rxe8+ Qxe8 14. Qd2 Qf8 15. Re1 Nc8 16. Bg3 Bh6 17. Qe2 Bd7 18. c3 1/2-1/2

[Event "CRO Ch"]
[Site "Pula CRO"]
[Date "1996.??.??"]
[Round "?"]
[White "Zelcic, Robert"]
[Black "Franic, Milan"]
[Result "1-0"]
[WhiteElo "2495"]
[BlackElo "2375"]
[PlyCount "181"]
[EventDate "1996.??.??"]
[Source "www.chesslib.no"]
[SourceDate "2004.05.04"]

1. e4 c6 2. d4 d5 3. Nc3 g6 4. Nf3 Bg7 5. h3 Nh6 6. exd5 cxd5 7. Bb5+ Bd7 8. Bd3 Bc6 9. Bf4 f6 10. Qe2 Qd7 11. O-O-O O-O 12. Rhe1 Re8 13. g4 Nf7 14. Bg3 a6 15. Nd2 e5 16. dxe5 fxe5 17. f3 Qc7 18. h4 Nd7 19. h5 Nf8 20. Qh2 b5 21. hxg6 hxg6 22. Rh1 b4 23. Ne2 Bb5 24. Kb1 Rac8 25. Rc1 Bxd3 26. cxd3 Qb6 27. Rxc8 Rxc8 28. d4 exd4 29. Nf4 d3 30. Nxd3 Qe3 31. Nc1 a5 32. Qf2 Qg5 33. Bh4 Qf4 34. Nd3 Qd6 35. Re1 g5 36. Bg3 Qg6 37. Qe2 Ne6 38. Nb3 a4 39. Rc1 Rc4 40. Na5 Nd4 41. Qe8+ Bf8 42. Rd1 a3 43. Bf2 Nxf3 44. Nxc4 dxc4 45. Bc5 cxd3 46. Qxf8+ Kh7 47. Rh1+ Nh4 48. Bd4 d2+ 49. Ka1 Qg8 50. Qxg8+ Kxg8 51. Rd1 Nf3 52. Be3 N7e5 53. Bxd2 Nxg4 54. Bxg5 Kf7 55. Rf1 Nge5 56. bxa3 bxa3 57. Bf4 Ke6 58. Bxe5 Nxe5 59. Rd1 Nc6 60. Kb1 Nb4 61. Rd4 Nd5 62. Kc2 Kd6 63. Rd3 Kc5 64. Rxa3 Kb4 65. Rh3 Nb6 66. a3+ Ka4 67. Kb2 Nc4+ 68. Ka2 Na5 69. Rh4+ Kb5 70. a4+ Kc5 71. Ka3 Nc6 72. Rh5+ Kb6 73. Kb3 Na5+ 74. Kc3 Nc6 75. Rg5 Na5 76. Kd4 Nb3+ 77. Kc3 Na5 78. Kb4 Nc6+ 79. Kc4 Na5+ 80. Kd5 Nb7 81. Rf5 Ka6 82. Rf6+ Ka5 83. Kc6 Ka6 84. Rf8 Na5+ 85. Kc5 Nb7+ 86. Kb4 Kb6 87. Rf6+ Kc7 88. a5 Nd6 89. Ka4 Nc8 90. Kb5 Nd6+ 91. Rxd6 1-0

[Event "31. Internacional La Roda"]
[Site "La Roda"]
[Date "2004.04.11"]
[Round "8"]
[White "Alcazar Jimenez, Victor Manuel"]
[Black "De la Villa Garcia, Jesus Maria"]
[Result "1/2-1/2"]
[WhiteElo "2407"]
[BlackElo "2459"]
[PlyCount "101"]
[EventDate "2004.04.07"]
[Source "Roberto Alvarez"]
[SourceDate "2004.04.19"]

1. e4 c6 2. d4 d5 3. Nc3 g6 4. Nf3 Bg7 5. e5 f6 6. Bf4 Bg4 7. Be2 Bxf3 8. Bxf3 fxe5 9. Bxe5 Bxe5 10. dxe5 Nd7 11. e6 Nf8 12. O-O Nxe6 13. Re1 Qd6 14. Bxd5 Nc5 15. b4 Nd7 16. Qd4 Ndf6 17. Ne4 Qxd5 18. Nxf6+ Nxf6 19. Qxf6 O-O-O 20. Qxe7 Rd7 21. Qe3 Qd4 22. c3 Qxe3 23. Rxe3 Rhd8 24. g4 Rd2 25. Rf3 R2d3 26. Rxd3 Rxd3 27. Rc1 b5 28. Rc2 Kd7 29. Kg2 g5 30. f3 Kd6 31. c4 bxc4 32. Rxc4 Rd2+ 33. Kg3 Rxa2 34. Rd4+ Ke6 35. h4 gxh4+ 36. Kxh4 a5 37. bxa5 Rxa5 38. f4 Ra7 39. Rd8 Rc7 40. f5+ Ke7 41. Rd3 c5 42. Kg5 c4 43. Rc3 Kd6 44. Kf6 Kd5 45. g5 Kd4 46. Rc1 c3 47. Ke6 Rc6+ 48. Ke7 Rc5 49. Kf6 c2 50. g6 hxg6 51. fxg6 1/2-1/2